El suelo como elemento ambiental : perspectiva territorial y urbanística /
Contienen: El ambiente como objeto de protección jurídica; bases constitucionales y desarrollo legislativo del medio ambiente; planificación territorial; la protección del ambiente desde la planificación territorial.
Gespeichert in:
| 1. Verfasser: | |
|---|---|
| Format: | Buch |
| Sprache: | Spanisch |
| Veröffentlicht: |
Bilbao, España :
Universidad de Deusto,
1998, c1998
|
| Schriftenreihe: | (Derecho Deusto ;
69) |
| Schlagworte: | |
| Tags: |
Keine Tags, Fügen Sie das erste Tag hinzu!
|
MARC
| LEADER | 00000nam^a2200000^a^4500 | ||
|---|---|---|---|
| 001 | 000136006 | ||
| 005 | 20250521000000.0 | ||
| 009 | 20260310095304.742 | ||
| 020 | |a 84-7485-572-1 | ||
| 037 | |a Acervo ITESO - Biblioteca | ||
| 041 | |a ESP | ||
| 082 | |a 344. 046 |b AVI | ||
| 100 | |a Avila Orive, José Luis |e (autor) | ||
| 245 | 1 | 3 | |a El suelo como elemento ambiental : |b perspectiva territorial y urbanística / |c J.L. Avila Orive ; pról. de José Manuel Castells Arteche. |
| 264 | 4 | |a Bilbao, España : |b Universidad de Deusto, |c 1998, c1998 | |
| 300 | |a 325 p. | ||
| 336 | |a texto |b txt |2 rdacontenido | ||
| 337 | |a sin mediación |b n |2 rdamedio | ||
| 338 | |a volumen |b nc |2 rdasoporte | ||
| 440 | 1 | |a (Derecho Deusto ; |v 69) | |
| 520 | |a Contienen: El ambiente como objeto de protección jurídica; bases constitucionales y desarrollo legislativo del medio ambiente; planificación territorial; la protección del ambiente desde la planificación territorial. | ||
| 649 | |a XX | ||
| 650 | |a Suelos | ||
| 650 | |a Medio Ambiente | ||
| 650 | |a Calidad Ambiental | ||
| 650 | |a Impacto Ambiental | ||
| 650 | |a Planeación Urbana | ||
| 650 | |a Derecho Urbano - |x Leyes y Reglamentos | ||
| 650 | |a Conservación y Protección Ambiental | ||
| 650 | |a Derecho Ambiental | ||
| 910 | |a Fondo General | ||
| 920 | |a Impresos - Libros | ||
| 930 | |a Colección General | ||
| 905 | |a 101 | ||
| 901 | |a 0500064869 |b IT1 |c ACC |u 20250521 | ||
| 902 | |a https://opac.biblio.iteso.mx/vufind/Record/000136006 | ||